000 00542nam a22001817a 4500
003 OSt
005 20251210062202.0
008 251210b |||||||| |||| 00| 0 eng d
020 _a8173915725
040 _aDWCL -Main
_cOC
082 _aCirc. 370.11 C349v 2003
100 _aChakrabarti, Mohit
_eAuthor
245 _aValue education :
_bchanging perspectives /
_cMohit Chakrabarti
260 _aNew Delhi, India:
_bKanishka Publishers,
_cc2003.
300 _aix, 162 pages;
_c21 cm.
504 _aIncludes index.
942 _2ddc
_cBK-CIRC
_n0
999 _c7024
_d7024